Bundesliga: 50+ Goals (2000-) - Statistics

General Stats
  • This quiz has been taken 43 times
  • The average score is 48 of 68
Answer Stats
Ranking Player Positions Nationality Matches Goals (assists) Periods Clubs % Correct
1 Robert Lewandowski FW 384 312 (56) 2010-2022
100%
4 Marco Reus MF, FW 391 156 (95) 2009-2024
97%
5 Thomas Müller MF, FW 503 150 (174) 2008-2025
97%
12 Arjen Robben MF, FW 201 99 (51) 2009-2019
94%
2 Claudio Pizarro FW 465 187 (57) 2000-2006, 2008-2020
94%
21 Franck Ribéry MF, FW 273 85 (94) 2007-2019
94%
46 Harry Kane FW 63 62 (17) 2023-2025
94%
3 Mario Gómez FW 328 170 (28) 2003-2012, 2016-2019
94%
9 Miroslav Klose FW 304 120 (53) 2000-2011
94%
45 Erling Haaland FW 67 62 (16) 2019-2022
91%
39 Mario Götze MF, FW 317 66 (55) 2009-2019, 2022-2025
91%
13 Pierre-Emerick Aubameyang MF, FW 144 98 (21) 2013-2018
91%
55 Aaron Hunt MF, FW 303 56 (39) 2004-2018
88%
8 Andrej Kramarić MF, FW 286 126 (54) 2015-2025
88%
38 Edin Džeko FW 111 66 (17) 2007-2011
88%
30 Ivica Olić FW 236 72 (24) 2006-2016
88%
34 Lukas Podolski MF, FW 210 70 (33) 2003-2004, 2005-2012
88%
31 Michael Ballack MF 198 71 (38) 2000-2005, 2010-2012
88%
6 Stefan Kießling MF, FW 403 144 (51) 2002-2003, 2004-2018
88%
29 Patrik Schick MF, FW 143 74 (7) 2019-2025
85%
44 Serhou Guirassy FW 101 64 (7) 2016-2017, 2022-2025
85%
35 Dimitar Berbatov FW 154 69 (23) 2000-2006
82%
23 Klaas-Jan Huntelaar FW 184 84 (20) 2010-2016, 2020-2021
82%
11 Timo Werner MF, FW 257 102 (39) 2013-2019, 2022-2024
82%
33 Julian Brandt MF, FW 354 70 (74) 2013-2025
79%
20 Anthony Modeste FW 209 85 (14) 2013-2016, 2019-2023
76%
49 Grafite FW 107 59 (14) 2007-2011
76%
7 Vedad Ibišević FW 344 127 (39) 2006-2007, 2008-2021
76%
42 Eric Maxim Choupo-Moting MF, FW 292 64 (23) 2007-2008, 2009-2016, 2020-2024
74%
36 Halil Altıntop MF, FW 351 67 (29) 2003-2010, 2013-2017
74%
65 Leroy Sané MF, FW 200 51 (45) 2013-2015, 2020-2025
74%
62 Mario Mandžukić MF, FW 110 53 (16) 2010-2014
74%
26 Roy Makaay FW 129 78 (28) 2003-2007
74%
40 Vincenzo Grifo MF, FW 273 66 (64) 2012-2013, 2016-2025
74%
14 Max Kruse MF, FW 307 97 (70) 2007-2008, 2010-2011, 2012-2018, 2020-2023
71%
17 Serge Gnabry DF, MF, FW 242 91 (39) 2016-2025
71%
51 Alassane Pléa MF, FW 209 58 (38) 2018-2025
68%
52 André Silva FW 136 57 (18) 2019-2022, 2024-2025
68%
59 Giovane Élber FW 98 54 (15) 2000-2003, 2005-2006
68%
47 Jan Koller FW 152 61 (28) 2001-2005, 2007-2008
68%
22 Lars Stindl MF, FW 376 85 (56) 2007-2008, 2010-2023
68%
53 Diego MF 161 57 (46) 2006-2008, 2010-2011, 2012-2014
65%
10 Kevin Kurányi FW 273 111 (46) 2001-2009, 2015-2016
65%
25 Kevin Volland MF, FW 277 80 (49) 2012-2019, 2023-2025
65%
56 Niclas Füllkrug FW 157 56 (18) 2011-2012, 2017-2020, 2022-2024
65%
57 Theofanis Gekas FW 133 55 (9) 2006-2011
65%
67 André Schürrle MF, FW 207 50 (31) 2009-2012, 2014-2018
62%
58 Ádám Szalai FW 276 54 (18) 2009-2022
59%
15 Alexander Meier MF, FW 276 93 (27) 2001-2002, 2003-2004, 2005-2010, 2012-2018
59%
48 Ebbe Sand FW 182 60 (20) 2000-2006
59%
19 Nils Petersen MF, FW 295 89 (20) 2008-2009, 2011-2014, 2016-2023
59%
41 Wout Weghorst FW 146 66 (22) 2018-2021, 2023-2024
59%
50 Michael Gregoritsch MF, FW 270 59 (21) 2015-2025
56%
61 Jonas Hofmann MF, FW 275 53 (53) 2012-2025
53%
24 Raffael MF, FW 290 83 (45) 2007-2009, 2011-2020
53%
28 Sergej Barbarez MF, FW 234 76 (49) 2000-2008
53%
18 Cacau FW 306 89 (33) 2001-2014
50%
43 Oliver Neuville FW 251 64 (38) 2000-2006, 2008-2010
50%
68 Ivan Klasnić FW 153 50 (27) 2001-2007, 2012-2013
47%
37 Martin Harnik MF, FW 240 67 (22) 2007-2008, 2010-2015, 2017-2020
44%
66 Mladen Petrić FW 128 51 (9) 2007-2012
44%
64 Daniel Caligiuri DF, MF, FW 372 51 (43) 2009-2023
41%
32 Diego Klimowicz FW 213 70 (21) 2001-2010
41%
60 Ioannis Amanatidis MF, FW 198 54 (11) 2002-2011
41%
63 Martin Max FW 113 52 (10) 2000-2004
41%
54 Mike Hanke FW 283 57 (22) 2001-2014
38%
16 Aílton Gonçalves FW 178 92 (26) 2000-2005, 2007-2008
35%
27 Marcelinho Paraíba MF, FW 205 76 (59) 2001-2008
29%
No matching quizzes found
Score Distribution
Percent of People with Each Score
Percentile by Number Answered
Your Score History
You have not taken this quiz